| 000 | 00982cam a2200313 i 4500 | ||
|---|---|---|---|
| 001 | 24583 | ||
| 003 | Mx-PuUPA | ||
| 005 | 20241128125958.0 | ||
| 008 | 140415s1981 ita fr 000 0 spa d | ||
| 040 |
_aMx-PuUPA _cMx-PuUPA _bspa _dMx-PuUPA _erda |
||
| 041 | 0 | _aita | |
| 100 | 1 |
_aCaruso, Antonio, _914039 _eautor |
|
| 245 | 1 | 0 |
_aDove va L'italia? / _cAntonio Caruso |
| 250 |
_a1 edizione / _bmarzo |
||
| 264 | 1 |
_aRoma : _bEdizioli Logos, _c1981 |
|
| 300 |
_a162 páginas ; _c19 cm |
||
| 336 |
_2rdacontent _atexto _btxt |
||
| 337 |
_2rdamedia _asin medio _bn |
||
| 338 |
_2rdacarrier _avolumen _bnc |
||
| 490 | 0 | _aBiblioteca Universale Cristiana | |
| 490 | 0 |
_aPocket ; _v15 |
|
| 651 | 4 |
_aItalia _xCrisis económica _xHistoria |
|
| 651 | 4 |
_aItalia _xPolítica económica _xHistoria |
|
| 651 | 4 |
_aItalia _xSituación y condiciones económicas _xHistoria |
|
| 942 |
_cLI _2ddc _h330.945 _iC25 |
||
| 999 |
_c24583 _d24583 |
||